000 00412nam a2200169Ia 4500
001 23903
008 140410s9999 xx 000 0 und d
020 _a0-273-60034-6
040 _cPK-LaUMT
082 _aR 330.03
_bLIV-D
100 _aFrank Livesey
245 _aDictionary of economics
_cFrank Livesey
260 _aLondon,UK:
_bPitman Publishing,
_c1994
300 _a233 p.
546 _aEN
942 _cBK
999 _c24116
_d24116